| 000 | 00631ntaaa2200193 4500 | ||
|---|---|---|---|
| 003 | 01 | ||
| 005 | 20251027203244.0 | ||
| 008 | 0714s1973 ag 01 | ||
| 040 |
_aAR-BaBN _bspa _cAR-BaBN _eaacr _dRIC |
||
| 082 | _a982.04 M31 | ||
| 100 |
_aMandelli, Humberto A. _935205 |
||
| 245 |
_aLas escuelas donadas por Belgrano y su reglamento / _cHumberto A. Mandelli, con prólogo de Mario Quartaruolo |
||
| 250 | _a1 ed. | ||
| 260 |
_aBuenos Aires : _bInstituto belgraniano Central de la República Argentina, _c1974 |
||
| 300 | _a63 p. | ||
| 600 | _aBELGRANO, MANUEL | ||
| 700 |
_aQuartaruolo, Mario _eprologuista _935207 |
||
| 942 | _cBK | ||
| 999 |
_c28009 _d28009 |
||